000 00587nam a22001697a 4500
999 _c12510
_d12510
008 241001b 2022 ||||| |||| 00| 0 eng d
020 _a9789280117479
082 _a341.75668
_bIMO
110 _aIMO - International Maritime Organization
245 _aIMDG Code : International maritime dangerous goods code - vol. 1
_bincorporating amendment 41-22
260 _aLondon
_bIMO - International Maritime Organization
_c2022
300 _axiv, 547p.
650 _aFlammable liquids
650 _aToxic and infectious substances
650 _aPacking and tank provisions
942 _cBK